Zisk z výrobku - ako ho najlepšie riadiť
Kalkulácie ako základný nástroj tvorby cien výrobkov. Nástroje regulovania ziskovej prirážky a nákladov daného výrobku. Sledovanie zmien v cenách výrobných faktorov a analýza odchýlok (variance analýza). Podklady pre návrh nápravných opatrení.
Guardado en:
| Autor principal: | |
|---|---|
| Formato: | Capítulo de libro |
| Lenguaje: | eslovaco |
| Materias: | |
| Etiquetas: |
Sin Etiquetas, Sea el primero en etiquetar este registro!
|
MARC
| LEADER | 00000naa a2200000 4500 | ||
|---|---|---|---|
| 001 | 0143639 | ||
| 005 | 20230912101149.6 | ||
| 041 | 0 | |a slo | |
| 044 | |a SK | ||
| 245 | 1 | 0 | |a Zisk z výrobku - ako ho najlepšie riadiť |c Katarína Teplická |
| 520 | |a Kalkulácie ako základný nástroj tvorby cien výrobkov. Nástroje regulovania ziskovej prirážky a nákladov daného výrobku. Sledovanie zmien v cenách výrobných faktorov a analýza odchýlok (variance analýza). Podklady pre návrh nápravných opatrení. | ||
| 610 | 2 | 0 | |a podnik |
| 610 | 2 | 0 | |a plán výrobný |
| 610 | 2 | 0 | |a kalkulácia |
| 610 | 2 | 0 | |a metódy kalkulačné |
| 610 | 2 | 0 | |a náklady výrobné |
| 610 | 2 | 0 | |a tvorba cien |
| 610 | 2 | 0 | |a zisk podnikový |
| 610 | 2 | 0 | |a analýza finančná |
| 100 | 1 | |a Teplická, Katarína | |